000 00435 a2200181 4500
005 20260317125140.0
008 260317b |||||||| |||| 00| 0 eng d
020 _a9789359267173
_cRs. 895.00
040 _aMAIN
082 _a294.3
_bR812I
100 _aRoy, Kalpana
245 _aIntroduction to Buddhism
260 _aDelhi
_bKitabwallah
_c2026
300 _avi, 200
650 _aReligion
650 _aBuddhism
942 _cBK
999 _c396208
_d396208